[Event "ECC"]
[Site "Rethymnon GRE"]
[Date "2003.09.30"]
[Round "3"]
[White "Paramonov,D"]
[Black "Nivala,T"]
[Result "1-0"]
[WhiteElo "2354"]
[BlackElo "2196"]
[EventDate "2003.09.28"]

1. e4 e6 2. d4 d5 3. Nc3 Bb4 4. e5 Qd7 5. a3 Bxc3+ 6. bxc3 b6 7. Qg4 f5 8.
Qg3 Ba6 9. Bxa6 Nxa6 10. Ne2 Rc8 11. Nf4 Kf7 12. Qd3 Nb8 13. h4 c5 14. Rh3
Ne7 15. Rg3 Qa4 16. Qe2 cxd4 17. cxd4 Qxd4 18. Rxg7+ Ke8 19. Rb1 Kd7 20.
Nh5 Rc7 21. Be3 Qc3+ 22. Bd2 Qc4 23. Bb4 Qxe2+ 24. Kxe2 Nbc6 25. Bd6 Rb7
26. Nf6+ Kc8 27. h5 f4 28. Nxh7 Nd4+ 29. Kd3 Ndf5 30. Rf7 Nxd6 31. exd6 Nf5
32. Rf8+ Rxf8 33. Nxf8 e5 34. d7+ Kc7 35. Rb5 Rb8 36. d8=Q+ Rxd8 37. Ne6+
Kc6 38. Nxd8+ Kxb5 39. Nf7 e4+ 40. Kd2 e3+ 41. fxe3 fxe3+ 42. Ke1 Kc4 43.
h6 Nh4 44. h7 Nxg2+ 45. Ke2 Nf4+ 46. Kxe3 Ng6 47. Ne5+ 1-0

[Event "ECC"]
[Site "Rethymnon GRE"]
[Date "2003.09.30"]
[Round "3"]
[White "Jeremic,V"]
[Black "Fejzullahu,A"]
[Result "1-0"]
[WhiteElo "2467"]
[BlackElo "2306"]
[EventDate "2003.09.28"]

1. d4 Nf6 2. c4 g6 3. Nc3 Bg7 4. e4 d6 5. f3 O-O 6. Be3 e5 7. d5 Nh5 8.
Nge2 f5 9. Qd2 f4 10. Bf2 a5 11. c5 Bd7 12. cxd6 cxd6 13. Nc1 Na6 14. Nb5
Bxb5 15. Bxb5 Nc7 16. Bd3 Ne8 17. Ne2 h6 18. b4 axb4 19. Qxb4 Rf7 20. a4
Nhf6 21. Nc3 g5 22. Ke2 g4 23. Nb5 Bf8 24. Na3 Qd7 25. Nc4 gxf3+ 26. gxf3
Qh3 27. Nb6 Rd8 28. Rag1+ Kh8 29. Qb1 Nh7 30. Qf1 Ng5 31. Be1 Nf6 32. Qxh3
Nxh3 33. Rg2 Be7 34. Bb4 Ng5 35. Rf1 Rg7 36. Kd1 Nf7 37. Rc2 Rb8 38. Bb5
Kh7 39. Nc8 Bf8 40. Rc7 Kg8 41. Rf2 h5 42. h4 Rg1+ 43. Kc2 Rg3 44. Kd2 Rg1
45. Kc2 Rg3 46. a5 Rg1 47. Kb2 Rg3 48. Nb6 Rg7 49. Nd7 Nxd7 50. Bxd7 Nd8
51. Rfc2 Ra8 52. Be8 b6 53. Rxg7+ Kxg7 54. Rc7+ Kf6 55. a6 Rxa6 56. Bxh5 b5
57. Be8 Rb6 58. h5 Rb7 59. Rc8 Ke7 60. Bc6 Ra7 61. Be1 Nxc6 62. dxc6 Bg7
63. c7 1-0

[Event "ECC"]
[Site "Rethymnon GRE"]
[Date "2003.09.30"]
[Round "3"]
[White "Bujupi,B"]
[Black "Scekic,M"]
[Result "1/2-1/2"]
[WhiteElo "2205"]
[BlackElo "2434"]
[EventDate "2003.09.28"]

1. d4 d5 2. Nf3 c6 3. e3 Nf6 4. c4 Bg4 5. Be2 e6 6. Nbd2 Nbd7 7. O-O Bd6 8.
b3 O-O 9. Bb2 Ne4 10. Ne1 Bxe2 11. Qxe2 Nxd2 12. Qxd2 f5 13. f4 Nf6 14. Nf3
b5 15. cxd5 cxd5 16. Rfc1 Ne4 17. Qd3 Qb6 18. Rc2 Qb7 19. Rac1 Rfc8 20. Nd2
Nf6 21. Rxc8+ Rxc8 22. Rxc8+ Qxc8 23. h3 Bb4 24. Nf3 a6 25. a3 Bd6 26. Nd2
h6 27. b4 Ne4 28. Nxe4 dxe4 29. Qc3 Qxc3 30. Bxc3 Kf7 31. Kf1 Bf8 32. Be1
Ke7 33. Ke2 g5 34. g3 Kf7 35. Kf1 Bg7 36. Ke2 Bf6 37. Kf1 Kf8 38. h4 gxh4
39. gxh4 Ke7 40. Ke2 Kd6 41. Kd2 Kd5 42. Kc3 h5 43. Bf2 Bd8 44. Bg3 1/2-1/2

[Event "ECC"]
[Site "Rethymnon GRE"]
[Date "2003.09.30"]
[Round "3"]
[White "Idrizaj,A"]
[Black "Batinic,P"]
[Result "1-0"]
[WhiteElo "2242"]
[BlackElo "2191"]
[EventDate "2003.09.28"]

1. e4 c6 2. d4 d5 3. e5 Bf5 4. Nc3 Qb6 5. g4 Bd7 6. a3 g6 7. b4 h5 8. g5
Bf5 9. h4 a5 10. Na4 Qc7 11. c3 e6 12. Be3 Nd7 13. b5 Ne7 14. Qb3 c5 15.
dxc5 Nc8 16. b6 Qxe5 17. c6 bxc6 18. b7 Rb8 19. bxc8=Q+ Rxc8 20. Qb7 Rb8
21. Qxc6 Qe4 22. Bb5 Rxb5 23. Qxb5 d4 24. Nb6 e5 25. cxd4 Qxh1 26. Nxd7
Qxg1+ 27. Kd2 Bb4+ 28. Qxb4 Qxa1 29. Nf6+ Kd8 30. Qb8+ Ke7 31. Nd5+ Kd7 32.
Qc7+ 1-0

[Event "ECC"]
[Site "Rethymnon GRE"]
[Date "2003.10.01"]
[Round "4"]
[White "Ivanov,O UKR"]
[Black "Filippov,Va"]
[Result "0-1"]
[WhiteElo "2457"]
[BlackElo "2630"]
[EventDate "2003.09.28"]

1. e4 c5 2. Nf3 Nc6 3. d4 cxd4 4. Nxd4 Nf6 5. Nc3 e5 6. Ndb5 d6 7. Bg5 a6
8. Na3 b5 9. Bxf6 gxf6 10. Nd5 f5 11. exf5 Bxf5 12. c3 Bg7 13. Nc2 Be6 14.
Nce3 Ne7 15. g3 Nxd5 16. Nxd5 O-O 17. Bg2 a5 18. O-O Rb8 19. Qd2 f5 20. Ne3
Kh8 21. Bd5 Bd7 22. Rfb1 f4 23. Ng2 Rf6 24. Qe2 Qb6 25. Rf1 Rbf8 26. gxf4
exf4 27. Qf3 Rh6 28. Kh1 Qd8 29. Rg1 Rh3 30. Qe4 Qg5 31. Be6 Rxh2+ 32. Kxh2
Qh6+ 33. Nh4 Qxh4+ 0-1

[Event "ECC"]
[Site "Rethymnon GRE"]
[Date "2003.10.01"]
[Round "4"]
[White "Huzman,A"]
[Black "Acs,P"]
[Result "1/2-1/2"]
[WhiteElo "2574"]
[BlackElo "2606"]
[EventDate "2003.09.28"]

1. d4 Nf6 2. c4 e6 3. g3 d5 4. Bg2 dxc4 5. Nf3 a6 6. O-O Nc6 7. e3 Bd7 8.
Qe2 b5 9. Rd1 Bd6 10. e4 e5 11. dxe5 Bxe5 12. Nc3 O-O 13. Bg5 Bxc3 14. bxc3
Qe8 15. e5 Bg4 16. h3 Bxf3 17. Qxf3 Nxe5 18. Qf5 Qe6 19. Qxe6 fxe6 20. Bxa8
Rxa8 21. Bxf6 gxf6 22. a4 b4 23. cxb4 Nd3 24. Rdc1 Nxc1 25. Rxc1 Rb8 26.
Rxc4 Rb7 27. Kf1 Kf7 28. Ke2 Ke8 29. Kd3 Rb6 30. Kc3 Kd7 31. Rh4 Rc6+ 32.
Kb3 Rc1 33. Rxh7+ Kd6 34. Rh4 e5 35. Rc4 Rb1+ 36. Ka2 Rh1 37. h4 Rh2 38.
Rc2 c6 39. Kb3 f5 40. f4 Rh3 41. fxe5+ Kxe5 42. Rxc6 f4 43. Rxa6 f3 44. Ra8
f2 45. Rf8 Rxg3+ 46. Kb2 Rg4 47. Kc3 Rg3+ 48. Kc2 Rg4 49. Rxf2 Rxb4 50. a5
Ra4 1/2-1/2

[Event "ECC"]
[Site "Rethymnon GRE"]
[Date "2003.10.01"]
[Round "4"]
[White "Grabarczyk,M"]
[Black "Greenfeld,A"]
[Result "0-1"]
[WhiteElo "2508"]
[BlackElo "2556"]
[EventDate "2003.09.28"]

1. d4 Nf6 2. c4 g6 3. g3 Bg7 4. Bg2 O-O 5. Nc3 d6 6. Nf3 Nbd7 7. O-O e5 8.
e4 exd4 9. Nxd4 Re8 10. h3 Nc5 11. Re1 Bd7 12. Kh2 a6 13. Rb1 h6 14. b4 Ne6
15. Nf3 a5 16. a3 axb4 17. axb4 Ng4+ 18. hxg4 Bxc3 19. Bd2 Bg7 20. Qc1 Ra2
21. Bxh6 Bxh6 22. Qxh6 Rxf2 23. Qe3 Ra2 24. Ra1 Rxa1 25. Rxa1 Qf6 26. Ra2
Nd8 27. Kg1 Nc6 28. b5 Ne5 29. Nxe5 Qxe5 30. Ra7 Be6 31. Ra4 Kg7 32. Qf4
Qd4+ 0-1

[Event "ECC"]
[Site "Rethymnon GRE"]
[Date "2003.10.01"]
[Round "4"]
[White "Golod,V"]
[Black "Heberla,B"]
[Result "1-0"]
[WhiteElo "2555"]
[BlackElo "2420"]
[EventDate "2003.09.28"]

1. d4 Nf6 2. c4 g6 3. f3 Bg7 4. e4 O-O 5. Nc3 d6 6. Bg5 Nbd7 7. Nge2 e5 8.
Qd2 c6 9. Rd1 Qc7 10. d5 cxd5 11. cxd5 a6 12. Rc1 Qb8 13. Ng3 b5 14. Be2 b4
15. Na4 Nb6 16. Nxb6 Qxb6 17. Be3 Qb8 18. O-O Bd7 19. Rc4 a5 20. Rfc1 Rc8
21. Rxc8+ Bxc8 22. Qc2 Bd7 23. Qc7 Qf8 24. Nf1 Bh6 25. Qb6 Bxe3+ 26. Nxe3
Qb8 27. Qxb8+ Rxb8 28. Rc7 a4 29. g4 h6 30. h4 g5 31. h5 Kf8 32. Kf2 Ke8
33. Ra7 Kd8 34. Bd1 a3 35. bxa3 bxa3 36. Bb3 Ne8 37. Nc4 Bb5 38. Nxa3 Nc7
39. Ke3 Bd7 40. Ba4 Rb4 41. Bxd7 Kxd7 42. Kd3 Rb2 43. Nc4 Rf2 44. Ke3 Rc2
45. Nb6+ Kd8 46. a4 Rc3+ 47. Ke2 Rc2+ 48. Kd3 Rf2 49. Ke3 Rb2 50. Nc4 Rb3+
51. Kf2 Kd7 52. Ne3 Kc8 53. Nf5 Kb8 54. Ra5 Rb6 55. Nxh6 Kb7 56. Nxf7 Rb2+
57. Kg3 Kb6 58. Nxd6 Rc2 59. h6 1-0

[Event "ECC"]
[Site "Rethymnon GRE"]
[Date "2003.10.01"]
[Round "4"]
[White "Kasimdzhanov,R"]
[Black "Kouvatsos,F"]
[Result "1-0"]
[WhiteElo "2664"]
[BlackElo "2067"]
[EventDate "2003.09.28"]

1. e4 c6 2. Nc3 d5 3. Nf3 Bg4 4. h3 Bxf3 5. Qxf3 Nf6 6. d3 e6 7. a3 d4 8.
Nb1 c5 9. g3 Nc6 10. Bg2 Be7 11. O-O O-O 12. Nd2 b5 13. e5 Nd5 14. Re1 Qc7
15. Qe4 Rfd8 16. h4 Bf8 17. Nf3 Nce7 18. Ng5 g6 19. h5 Rac8 20. hxg6 hxg6
21. Qh4 Bg7 22. Qh7+ Kf8 23. Nf3 Ng8 24. Bg5 Rd7 25. Qh4 Nde7 26. a4 a6 27.
axb5 axb5 28. Ra6 Nc6 29. Rea1 Nb4 30. Ra8 Nxc2 31. R1a7 1-0

[Event "ECC"]
[Site "Rethymnon GRE"]
[Date "2003.10.01"]
[Round "4"]
[White "Sandalakis,A"]
[Black "Georgiev,Ki"]
[Result "0-1"]
[WhiteElo "2138"]
[BlackElo "2637"]
[EventDate "2003.09.28"]

1. e4 c5 2. Nf3 d6 3. d4 cxd4 4. Nxd4 Nf6 5. Nc3 a6 6. Be2 g6 7. Be3 Bg7 8.
a4 O-O 9. O-O Nc6 10. Nb3 Be6 11. f4 Bxb3 12. cxb3 e6 13. Bf3 Re8 14. Bf2
Rc8 15. Kh1 Qc7 16. Rc1 Qb8 17. Bg3 Nd7 18. h4 b5 19. axb5 axb5 20. e5 d5
21. Nxd5 exd5 22. Bxd5 Nd8 23. Bxf7+ Nxf7 24. Qxd7 Rcd8 25. Qc6 Nh6 26.
Rfd1 Kh8 27. Bf2 Rc8 28. Qd7 Rcd8 29. Qc6 Ng4 30. Bb6 Rxd1+ 31. Rxd1 Rf8
32. Kg1 Qc8 33. Bc7 Qf5 34. g3 h5 35. b4 Kh7 36. Bb6 Rc8 37. Bc7 Ne3 38.
Re1 Qc2 39. Rc1 Qd2 0-1

[Event "ECC"]
[Site "Rethymnon GRE"]
[Date "2003.10.01"]
[Round "4"]
[White "Bauer,Ch"]
[Black "Navara,D"]
[Result "1-0"]
[WhiteElo "2589"]
[BlackElo "2608"]
[EventDate "2003.09.28"]

1. Nf3 Nf6 2. c4 g6 3. Nc3 d5 4. cxd5 Nxd5 5. Qb3 Nb6 6. d4 Bg7 7. Bg5 Be6
8. Qc2 h6 9. Bh4 Nc6 10. Rd1 Bc4 11. b3 Ba6 12. a3 Qd7 13. Bg3 Rd8 14. e3
Bxf1 15. Rxf1 O-O 16. Ke2 Qe6 17. Ne4 Nxd4+ 18. Nxd4 Bxd4 19. Rxd4 Rxd4 20.
Nc5 Qc6 21. exd4 Qxg2 22. Qd3 Qc6 23. Rc1 Nd5 24. Rc2 Rd8 25. Kf1 h5 26. h4
Nf6 27. Kg1 Ne8 28. Ne4 Rxd4 29. Qxd4 Qxc2 30. Qb4 Nd6 31. Nxd6 exd6 32.
Qxb7 Qc1+ 33. Kh2 Qxa3 34. Qxc7 Qxb3 35. Qxd6 Qb2 36. Qd8+ Kh7 37. Qe7 Qa2
38. Qf6 Qe6 39. Qxe6 1-0

[Event "ECC"]
[Site "Rethymnon GRE"]
[Date "2003.10.01"]
[Round "4"]
[White "Conquest,S"]
[Black "Stohl,I"]
[Result "1/2-1/2"]
[WhiteElo "2560"]
[BlackElo "2556"]
[EventDate "2003.09.28"]

1. e4 c5 2. b3 Nc6 3. Bb2 d6 4. f4 Nf6 5. Nc3 g6 6. Bb5 Bg7 7. Bxc6+ bxc6
8. Rb1 O-O 9. Nge2 Ne8 10. O-O f5 11. exf5 Bxf5 12. Ng3 Qd7 13. Nxf5 Rxf5
14. Qe2 Bd4+ 15. Kh1 Ng7 16. Nd1 Bxb2 17. Nxb2 Raf8 18. Nd3 Ne6 19. Qe3 g5
20. g3 gxf4 21. gxf4 Ng7 22. Rg1 R5f6 23. Rg5 Rg6 24. Rbg1 Rff6 25. Nf2 Qe6
26. Ng4 Qxe3 27. dxe3 Re6 28. h4 h5 1/2-1/2

[Event "ECC"]
[Site "Rethymnon GRE"]
[Date "2003.10.01"]
[Round "4"]
[White "Sax,G"]
[Black "Kacheishvili,G"]
[Result "1/2-1/2"]
[WhiteElo "2521"]
[BlackElo "2603"]
[EventDate "2003.09.28"]

1. e4 c6 2. d4 d5 3. e5 Bf5 4. Be3 e6 5. Nd2 Qb6 6. Nb3 a5 7. a4 Nd7 8. Ne2
h5 9. Nf4 h4 10. Be2 Bb4+ 11. c3 Be7 12. O-O Nh6 13. Nd3 Bg6 14. h3 1/2-1/2

[Event "ECC"]
[Site "Rethymnon GRE"]
[Date "2003.10.01"]
[Round "4"]
[White "Horvath,Ad"]
[Black "Mchedlishvili,M"]
[Result "0-1"]
[WhiteElo "2503"]
[BlackElo "2566"]
[EventDate "2003.09.28"]

1. e4 c6 2. d4 d5 3. Nc3 dxe4 4. Nxe4 Bf5 5. Ng3 Bg6 6. h4 h6 7. Nf3 Nd7 8.
h5 Bh7 9. Bd3 Bxd3 10. Qxd3 e6 11. Bf4 Ngf6 12. O-O-O Be7 13. Kb1 O-O 14.
Ne5 Qa5 15. Qe2 Rfe8 16. Bd2 Qc7 17. c4 Rad8 18. Bc3 b5 19. cxb5 cxb5 20.
Qxb5 Nxe5 21. dxe5 Nd5 22. Bd4 Rb8 23. Qa4 Red8 24. Rc1 Qb7 25. Rhd1 Bg5
26. Rc5 Nf4 27. f3 Nxg2 28. Ne4 Ne3 29. Rd3 Nf5 30. Rb3 Qa8 31. Rxb8 Qxb8
32. Bc3 Be3 33. Rb5 Bb6 34. a3 Qc7 35. Rb4 Rd3 36. Rc4 Qd8 37. Qa6 Kh7 38.
Qb7 Rd7 39. Qc8 Rd1+ 40. Ka2 Qd5 41. b3 Qd3 42. a4 Ne3 43. a5 0-1

[Event "ECC"]
[Site "Rethymnon GRE"]
[Date "2003.10.01"]
[Round "4"]
[White "Izoria,Z"]
[Black "Horvath,Cs1"]
[Result "1/2-1/2"]
[WhiteElo "2541"]
[BlackElo "2513"]
[EventDate "2003.09.28"]

1. Nf3 g6 2. d4 Bg7 3. c4 c5 4. d5 f5 5. g3 d6 6. Bg2 Nf6 7. O-O O-O 8. Nc3
Na6 9. Re1 h6 10. e4 fxe4 11. Nxe4 Nxe4 12. Rxe4 Bf5 13. Nh4 Bxe4 14. Bxe4
g5 15. Nf5 Rxf5 16. Bxf5 Qf8 17. Be4 Bd4 1/2-1/2

[Event "ECC"]
[Site "Rethymnon GRE"]
[Date "2003.10.01"]
[Round "4"]
[White "Groszpeter,A"]
[Black "Pantsulaia,L"]
[Result "1/2-1/2"]
[WhiteElo "2502"]
[BlackElo "2461"]
[EventDate "2003.09.28"]

1. e4 c6 2. d4 d5 3. e5 Bf5 4. Nd2 e6 5. Nb3 Nd7 6. Nf3 Ne7 7. Be2 Bg6 8.
h4 h6 9. h5 Bh7 10. Bd3 Bxd3 11. Qxd3 c5 12. Nxc5 Nxc5 13. dxc5 Qa5+ 14.
Bd2 Qxc5 15. Rh4 g5 16. hxg6 fxg6 17. Bb4 Qc6 18. Qb3 Qd7 19. O-O-O 1/2-1/2

[Event "ECC"]
[Site "Rethymnon GRE"]
[Date "2003.10.01"]
[Round "4"]
[White "Hracek,Z"]
[Black "Kelly,B"]
[Result "1-0"]
[WhiteElo "2584"]
[BlackElo "2487"]
[EventDate "2003.09.28"]

1. e4 e6 2. d4 d5 3. Nd2 c5 4. Ngf3 cxd4 5. exd5 Qxd5 6. Bc4 Qd6 7. O-O Nf6
8. Re1 Be7 9. Ne4 Nxe4 10. Rxe4 Nc6 11. Bf4 Qc5 12. Bd3 Bf6 13. a3 O-O 14.
b4 Qh5 15. b5 Ne7 16. Be5 Nd5 17. Bxd4 Bxd4 18. Rxd4 Nf6 19. Qd2 a6 20. b6
Qc5 21. Re1 Qxb6 22. Ne5 Nd5 23. Bxh7+ Kxh7 24. Rh4+ Kg8 25. Qd3 g6 26. Qh3
Qa5 27. Rh8+ Kg7 28. Qh6+ 1-0

[Event "ECC"]
[Site "Rethymnon GRE"]
[Date "2003.10.01"]
[Round "4"]
[White "Knaak,R"]
[Black "Ferguson,M"]
[Result "1/2-1/2"]
[WhiteElo "2480"]
[BlackElo "2377"]
[EventDate "2003.09.28"]

1. d4 d5 2. c4 c6 3. Nc3 Nf6 4. e3 a6 5. a4 e6 6. Bd3 c5 7. Nf3 Nc6 8. O-O
Be7 9. cxd5 exd5 10. dxc5 O-O 11. h3 Bxc5 12. Ne2 Qb6 13. Nfd4 Be6 14. b3
Nxd4 15. exd4 Bb4 16. Be3 Rac8 17. Rc1 Rxc1 18. Qxc1 Rc8 19. Qb1 h6 20. Rc1
Rc6 21. f3 Bd6 22. Rxc6 Qxc6 23. g4 Qc7 24. Qe1 Qb6 25. Bc2 Qc7 26. Qd2 Nh7
27. Kg2 Bd7 28. Bxh7+ Kxh7 29. Bf4 Bc6 30. Bxd6 Qxd6 31. Qe3 Kg8 32. Nf4
Qa3 33. Qc3 Qa2+ 34. Kg3 Qb1 35. Qe3 Qd1 36. h4 Qb1 37. g5 hxg5 38. hxg5 g6
39. Ng2 Bd7 40. Nf4 Bc6 41. a5 Qa1 42. Qd2 Qb1 43. b4 Qg1+ 44. Ng2 Bb5 45.
Qe3 Qb1 46. Qe1 Qb2 47. Qe5 Qxb4 48. Qxd5 Qxa5 49. Qe5 Qc3 50. Qb8+ Kg7 51.
d5 Bf1 52. Qf4 Bxg2 53. Kxg2 Qc2+ 54. Kg3 Qf5 55. Qe4 Kf8 56. Qb4+ Ke8 57.
Qxb7 Qxg5+ 58. Kf2 Qh4+ 59. Kg2 Qd8 60. Qc6+ Qd7 61. Qc5 Qd8 62. Qc6+ Ke7
63. Qc5+ Qd6 64. Qa7+ Qd7 65. Qc5+ Qd6 66. Qa7+ Qd7 1/2-1/2

[Event "ECC"]
[Site "Rethymnon GRE"]
[Date "2003.10.01"]
[Round "4"]
[White "Cox,JJ"]
[Black "Meins,G"]
[Result "0-1"]
[WhiteElo "2308"]
[BlackElo "2454"]
[EventDate "2003.09.28"]

1. c4 e5 2. Nc3 Nf6 3. Nf3 Nc6 4. d3 Bb4 5. Bg5 h6 6. Bxf6 Bxc3+ 7. bxc3
Qxf6 8. Nd2 O-O 9. g3 b6 10. Bg2 Bb7 11. O-O Rae8 12. a4 a5 13. c5 bxc5 14.
Rb1 Ba6 15. Qb3 Ne7 16. Qa3 d6 17. Rb2 Rb8 18. Rfb1 Rxb2 19. Qxb2 Qe6 20.
Qb3 Qd7 21. Nc4 Nc6 22. Bxc6 Qxc6 23. Nxa5 Qa8 24. Nc4 e4 25. Qd1 exd3 26.
exd3 Qd5 27. f3 Bxc4 28. dxc4 Qxc4 29. Qb3 Qxb3 30. Rxb3 Ra8 31. Ra3 Kf8
32. c4 Ke7 33. Kf2 c6 34. a5 d5 35. Ke3 Kd6 36. Kd3 Kc7 37. h4 Rb8 38. Rc3
d4 39. Ra3 Re8 40. Kd2 Kb7 41. a6+ Kb6 42. Ra1 Ra8 43. Rb1+ Kxa6 44. Ra1+
Kb7 45. Re1 Kb6 46. Re7 Ra7 0-1

[Event "ECC"]
[Site "Rethymnon GRE"]
[Date "2003.10.01"]
[Round "4"]
[White "Heissler,J"]
[Black "Taylor,P"]
[Result "1-0"]
[WhiteElo "2449"]
[BlackElo "2031"]
[EventDate "2003.09.28"]

1. Nf3 Nf6 2. c4 e6 3. g3 d5 4. Qc2 Be7 5. Bg2 O-O 6. O-O c5 7. cxd5 Nxd5
8. a3 Nc6 9. Nc3 Nf6 10. e3 Bd7 11. Rd1 Rc8 12. d4 cxd4 13. exd4 Qa5 14.
Qe2 Rfd8 15. Be3 Qa6 16. Qxa6 bxa6 17. d5 exd5 18. Nxd5 Nxd5 19. Rxd5 Be8
20. Rad1 Rxd5 21. Rxd5 Rd8 22. Rxd8 Bxd8 23. Nd2 Bb6 24. Bxb6 axb6 25. Nc4
b5 26. Bxc6 Bxc6 27. Ne5 Bb7 28. b4 Kf8 29. f4 Ke7 30. Kf2 f6 31. Ng4 Kd6
32. Ne3 Be4 33. Ke2 h6 34. Kd2 Kc6 35. Kc3 Kd6 36. Kd4 Bb1 37. Nd5 Bc2 38.
Ne3 Bb1 39. h4 h5 40. f5 Kc6 41. Nd5 Ba2 42. Nf4 Bf7 43. Nd3 Kb6 44. Nc5
Ba2 45. Ke4 a5 46. Ne6 axb4 47. axb4 g6 48. Nd4 g5 49. hxg5 fxg5 50. Nf3 g4
51. Ne5 Kc7 52. f6 Kd6 53. Kf4 Be6 54. f7 Ke7 55. Kg5 h4 56. Kxh4 Kf8 57.
Kg5 Kg7 58. Kf4 Kf8 59. Ke4 Ke7 60. Kd4 Bb3 61. Kc5 Ba4 62. Kc6 Kf8 63. Kd7
Bb3 64. Kd6 Bc4 65. Kc5 Bf1 66. Kd5 Ke7 67. Ke4 Be2 68. Kf5 Bd1 69. Kg6 Kf8
70. Kf6 Bc2 71. Nd7+ 1-0

[Event "ECC"]
[Site "Rethymnon GRE"]
[Date "2003.10.01"]
[Round "4"]
[White "Hellsten,J"]
[Black "Zoler,D"]
[Result "1-0"]
[WhiteElo "2511"]
[BlackElo "2539"]
[EventDate "2003.09.28"]

1. d4 Nf6 2. c4 e6 3. Nc3 Bb4 4. e3 O-O 5. Bd3 c5 6. Nge2 d5 7. cxd5 cxd4
8. exd4 Nxd5 9. O-O Nc6 10. Nxd5 Qxd5 11. a3 Be7 12. Be3 Bf6 13. Qc2 g6 14.
Rfd1 Qd8 15. Be4 Bd7 16. d5 exd5 17. Bxd5 Rc8 18. Qb3 Na5 19. Qb4 b6 20.
Ba2 Qe8 21. Bh6 Qxe2 22. Rxd7 Nc6 23. Qf4 Qxb2 24. Rad1 Rcd8 25. g3 Rxd7
26. Rxd7 Bg7 27. Kg2 1-0

[Event "ECC"]
[Site "Rethymnon GRE"]
[Date "2003.10.01"]
[Round "4"]
[White "Finkel,A"]
[Black "Eriksson,Mag1"]
[Result "1-0"]
[WhiteElo "2458"]
[BlackElo "2322"]
[EventDate "2003.09.28"]

1. e4 c5 2. c3 e6 3. d4 d5 4. exd5 exd5 5. Be3 c4 6. b3 cxb3 7. axb3 Bd6 8.
Bd3 Nc6 9. Qf3 Be6 10. Ne2 Qd7 11. Bf4 Be7 12. Ng3 h5 13. h3 h4 14. Nf1 g5
15. Bc1 f5 16. b4 b6 17. Na3 f4 18. Nd2 Nf6 19. Qe2 Bf5 20. O-O Kf8 21. Nf3
Ne4 22. b5 Na5 23. Ne5 Qe6 24. Bb2 Nb3 25. Rad1 Kg7 26. Qc2 Na5 27. Rfe1
Bf6 28. c4 Rhc8 29. Qb1 Nd6 30. Ng4 Bxg4 31. Rxe6 Bxe6 32. c5 Ne8 33. Re1
Bf7 34. Bf5 Rc7 35. Be6 Bg6 36. Qa2 bxc5 37. dxc5 Rxc5 38. Bd7 d4 39. Nb1
Nc4 40. Bc6 Nxb2 41. Bxa8 Nd3 42. Rd1 Rxb5 43. Qxa7+ Kh6 44. Nd2 Nb2 45.
Re1 Nd3 46. Rxe8 1-0

[Event "ECC"]
[Site "Rethymnon GRE"]
[Date "2003.10.01"]
[Round "4"]
[White "Schneider,S"]
[Black "Stisis,Y"]
[Result "1-0"]
[WhiteElo "2319"]
[BlackElo "2397"]
[EventDate "2003.09.28"]

1. d4 Nf6 2. c4 c5 3. d5 a6 4. a4 e5 5. Nc3 d6 6. e4 g6 7. Nf3 Bg7 8. Be2
Nh5 9. O-O Nf4 10. Ne1 Nd7 11. Bf3 g5 12. g3 Nh3+ 13. Kh1 h5 14. Bg2 Nf8
15. a5 g4 16. Bxh3 gxh3 17. Nd3 Ng6 18. Bd2 Rb8 19. Na4 f5 20. f3 fxe4 21.
fxe4 Bg4 22. Qe1 Rc8 23. Nb6 Rc7 24. b4 cxb4 25. Bxb4 Rf8 26. Rxf8+ Bxf8
27. Ra2 Rf7 28. Kg1 Bf3 29. Qe3 h4 30. Rf2 Bg2 31. Rxf7 Kxf7 32. Ne1 hxg3
33. hxg3 Be7 34. Nxg2 hxg2 35. Qf3+ Kg7 36. Kxg2 Qh8 37. Bd2 Bd8 38. Qf5
Qe8 39. Qd7+ Qxd7 40. Nxd7 Ne7 41. c5 Nc8 42. Kf3 Bf6 43. Nxf6 Kxf6 44. Bb4
1-0

[Event "ECC"]
[Site "Rethymnon GRE"]
[Date "2003.10.01"]
[Round "4"]
[White "Langner,L"]
[Black "Salmensuu,O"]
[Result "0-1"]
[WhiteElo "2403"]
[BlackElo "2410"]
[EventDate "2003.09.28"]

1. e4 Nc6 2. Nc3 Nf6 3. d4 d5 4. e5 Nd7 5. Nxd5 Ndb8 6. Bc4 Be6 7. Ne3 Bxc4
8. Nxc4 Qxd4 9. Qe2 e6 10. Nf3 Qg4 11. Bg5 h6 12. h3 hxg5 13. hxg4 Rxh1+
14. Kd2 Rxa1 15. Qe4 Na6 16. a3 O-O-O+ 17. Ke2 Nc5 18. Qh7 f6 19. Qg8 Rc1
20. Ne3 Nxe5 21. Nxe5 Bd6 22. Qxg7 Bxe5 23. b4 Nd7 24. Qe7 Nf8 25. c4 Rh1
26. Qf7 Rh7 27. Qg8 Re7 28. c5 Bd4 29. Nc4 Kd7 30. Na5 Rb8 31. Kd3 Ba1 32.
Nxb7 Rxb7 33. Qxf8 c6 34. Kc4 Rc7 35. g3 Rc8 36. Qh6 Kc7 37. f4 Rd8 38. Qh1
Bd4 39. a4 Rd5 40. Qh8 Kb7 41. Qf8 Red7 42. Qg8 Be3 43. Qxe6 Rd3 0-1

[Event "ECC"]
[Site "Rethymnon GRE"]
[Date "2003.10.01"]
[Round "4"]
[White "Sikora Lerch,J"]
[Black "Franssila,T"]
[Result "1/2-1/2"]
[WhiteElo "2324"]
[BlackElo "2269"]
[EventDate "2003.09.28"]

1. c4 c5 2. g3 Nf6 3. Bg2 d5 4. cxd5 Nxd5 5. Nc3 Nc7 6. f4 Nc6 7. b3 g6 8.
Bb2 Bg7 9. Qc1 O-O 10. Ne4 Bxb2 11. Qxb2 Ne6 12. Rc1 Qa5 13. Nf3 Bd7 14. h4
h5 15. Nfg5 b6 16. Nxe6 Bxe6 17. Ng5 Bd7 18. g4 Qb5 19. a4 Qa6 20. Bxc6
Bxc6 21. Rg1 hxg4 22. Rxg4 Qc8 23. Rg3 Qf5 24. Qe5 Qxe5 25. fxe5 Rfc8 26.
Rc4 Kg7 27. Rf4 f6 28. Ne6+ Kf7 29. Ng5+ Kg7 30. exf6+ exf6 31. Ne6+ Kf7
32. Ng5+ Kg7 33. Ne6+ 1/2-1/2

[Event "ECC"]
[Site "Rethymnon GRE"]
[Date "2003.10.01"]
[Round "4"]
[White "Goloshchapov,A"]
[Black "Koerholz,L"]
[Result "1-0"]
[WhiteElo "2574"]
[BlackElo "2336"]
[EventDate "2003.09.28"]

1. e4 e5 2. Nf3 Nc6 3. Bb5 Bc5 4. c3 Nf6 5. O-O O-O 6. d4 Bb6 7. Re1 d6 8.
h3 h6 9. Be3 Bd7 10. Na3 exd4 11. cxd4 d5 12. exd5 Nb4 13. Bf1 Bf5 14. Qb3
Nbxd5 15. Nc4 Re8 16. Nfe5 Qe7 17. g3 Rad8 18. Rad1 c6 19. Bc1 Qf8 20. g4
Be6 21. Qc2 Bc7 22. b4 Nb6 23. Na5 Bc8 24. Bg2 Nbd7 25. Nac4 Nb6 26. Nb2
Bb8 27. f3 Be6 28. Bf1 Bd5 29. Nbd3 Nbd7 30. Bb2 Nh7 31. Qf2 Bd6 32. Nf4
Ndf6 33. Nxd5 Nxd5 34. f4 a5 35. b5 c5 36. Bc4 Nhf6 37. g5 Bxe5 38. dxe5
Nb6 39. Bd3 Nfd5 40. gxh6 c4 41. hxg7 Qxg7+ 42. Kh2 Qh6 43. Rg1+ Kf8 44.
Bxc4 Qxf4+ 45. Qxf4 Nxf4 46. Bb3 Rd3 47. Rxd3 Nxd3 48. Bd4 Nd7 49. Bd5 b6
50. Bc6 Rd8 51. Rd1 N7c5 52. Be3 Rc8 53. Bxc5+ Nxc5 54. Rd6 Ke7 55. h4 Rh8
56. Kh3 Rh5 57. Rd5 Rh8 58. Kg4 Ke6 59. h5 Rg8+ 60. Kf4 Rh8 61. Rd6+ Ke7
62. Bf3 Ne6+ 63. Ke3 Rc8 64. Rc6 Rb8 65. Bg4 Nc5 66. h6 Kf8 67. Bc8 Kg8 68.
Kd4 Nb3+ 69. Kd5 Nd2 70. Kd6 Ra8 71. Kc7 1-0

[Event "ECC"]
[Site "Rethymnon GRE"]
[Date "2003.10.01"]
[Round "4"]
[White "Brittner,S"]
[Black "Roeder,M"]
[Result "1/2-1/2"]
[WhiteElo "2245"]
[BlackElo "2451"]
[EventDate "2003.09.28"]

1. d4 Nf6 2. c4 e6 3. Nc3 Bb4 4. Qc2 O-O 5. a3 Bxc3+ 6. Qxc3 b6 7. Bg5 Ba6
8. Qf3 Nc6 9. Bxf6 Qxf6 10. Qxf6 gxf6 11. e3 Na5 12. Rc1 c5 13. d5 exd5 14.
cxd5 Nb3 15. Rc3 Bxf1 16. Kxf1 Nd2+ 17. Ke2 Ne4 18. Rc2 Rfc8 19. Nf3 Kf8
20. Rhc1 Ke7 21. Kd3 f5 22. Nh4 Nd6 23. f3 Kf6 24. e4 f4 25. g3 c4+ 26. Ke2
fxg3 27. hxg3 Rg8 28. Rg1 Rae8 29. Ke3 Re5 30. Kd4 Rc8 31. Ng2 Rce8 1/2-1/2

[Event "ECC"]
[Site "Rethymnon GRE"]
[Date "2003.10.01"]
[Round "4"]
[White "Paehtz,T sr"]
[Black "Trauth,M"]
[Result "1-0"]
[WhiteElo "2441"]
[BlackElo "2202"]
[EventDate "2003.09.28"]

1. e4 c5 2. Nf3 Nc6 3. d4 cxd4 4. Nxd4 g6 5. c4 Bg7 6. Be3 Nf6 7. Nc3 O-O
8. Be2 b6 9. Rc1 Bb7 10. f3 Rc8 11. O-O Re8 12. Nxc6 dxc6 13. e5 Nd7 14. f4
f5 15. c5 Qc7 16. Qb3+ Kh8 17. cxb6 Nxb6 18. Nb5 Qb8 19. Nxa7 Qxa7 20. Qxb6
Qxb6 21. Bxb6 Ra8 22. a3 Ba6 23. Bxa6 Rxa6 24. Bc5 g5 25. g3 gxf4 26. gxf4
Bh6 27. Rc4 Kg7 28. e6 Kf6 29. Re1 Rg8+ 30. Kf2 Rg4 31. Kf3 Ra8 32. h3 Rgg8
33. Bd4+ Kg6 34. Rg1+ Kh5 35. Rxg8 Rxg8 36. Rxc6 Kh4 37. Bf2+ Kxh3 38. b4
Rg4 39. Rc4 Rg6 40. b5 Rxe6 41. Rc1 Bxf4 42. Kxf4 Kg2 43. Rc2 Re4+ 44. Kxf5
1-0

[Event "ECC"]
[Site "Rethymnon GRE"]
[Date "2003.10.01"]
[Round "4"]
[White "Corbin,P"]
[Black "Welling,G"]
[Result "1/2-1/2"]
[WhiteElo "2235"]
[BlackElo "2391"]
[EventDate "2003.09.28"]

1. e4 c5 2. Nf3 g6 3. d4 Bg7 4. dxc5 Qa5+ 5. Nc3 Bxc3+ 6. bxc3 Qxc3+ 7. Bd2
Qxc5 8. Bd3 d6 9. h3 Nd7 10. Rb1 a6 11. O-O Ngf6 12. Bh6 Rg8 13. Be3 Qc7
14. Qe2 b6 15. Bh6 e5 16. Nd2 Nh5 17. g3 Nc5 18. Kg2 Be6 19. Bc4 Ng7 20. f3
b5 21. Bd5 Rb8 22. c4 b4 23. Nb3 a5 24. Nxc5 dxc5 25. Be3 Bd7 26. f4 Ne6
27. Qf2 exf4 28. gxf4 Rc8 29. Kh1 Qd6 30. Rbe1 Qe7 1/2-1/2